| 000 | 00918nam a22002777a 4500 | ||
|---|---|---|---|
| 003 | CHAP | ||
| 005 | 20220329140224.0 | ||
| 008 | 971013s1965 r 00010 d | ||
| 010 | _a48789 | ||
| 011 | _a49761 | ||
| 035 | _a53911 | ||
| 040 | _cCHAP | ||
| 082 |
_a338.17315 _bV4 |
||
| 110 |
_aVenezuela. Dirección de Economía y Estadística Agropecuaria _9118706 |
||
| 245 |
_aEstadísticas agropecuarias y contínuas _b: beneficio de maíz, 1964 |
||
| 260 |
_aCaracas : _bMinisterio de Agricultura y Cría, _c1965 |
||
| 300 | _a40 p. | ||
| 590 |
_aBATCH-UPD _b10 _c20130110 _lUCH01 _h2230 |
||
| 590 |
_aBATCH-UPD _b10 _c20130410 _lUCH01 _h1525 |
||
| 590 |
_aBATCH-UPD _b10 _c20130914 _lUCH01 _h1752 |
||
| 590 |
_aCONVERSION _b10 _c20130109 _lUCH01 _h1327 |
||
| 650 | 1 | 4 |
_aMaíz _xAspectos económicos _xVenezuela. _970883 |
| 901 | _aBK | ||
| 942 | _cLIBRO | ||
| 949 |
_a338.17315 V4 _bBC _cBPA _d-119265 _eBPA _h5680 _i53911 _si |
||
| 999 |
_c48789 _d48789 |
||